<?xml version="1.0" encoding="UTF-8"?>
<record
    xmlns:xsi="http://www.w3.org/2001/XMLSchema-instance"
    xsi:schemaLocation="http://www.loc.gov/MARC21/slim http://www.loc.gov/standards/marcxml/schema/MARC21slim.xsd"
    xmlns="http://www.loc.gov/MARC21/slim">

  <leader>03965cam a22004575i 4500</leader>
  <datafield tag="999" ind1=" " ind2=" ">
    <subfield code="c">27718</subfield>
    <subfield code="d">27689</subfield>
  </datafield>
  <controlfield tag="001">18134185</controlfield>
  <controlfield tag="003">EG-ScBUE</controlfield>
  <controlfield tag="005">20191030101730.0</controlfield>
  <controlfield tag="008">140430s2014    ctuah  f b    001 0beng d</controlfield>
  <datafield tag="020" ind1=" " ind2=" ">
    <subfield code="a">9780300209471</subfield>
  </datafield>
  <datafield tag="020" ind1=" " ind2=" ">
    <subfield code="a">0300209479</subfield>
  </datafield>
  <datafield tag="035" ind1=" " ind2=" ">
    <subfield code="a">(OCoLC)ocn877370040</subfield>
  </datafield>
  <datafield tag="040" ind1=" " ind2=" ">
    <subfield code="a">YDXCP</subfield>
    <subfield code="b">eng</subfield>
    <subfield code="e">rda</subfield>
    <subfield code="c">YDXCP</subfield>
    <subfield code="d">BTCTA</subfield>
    <subfield code="d">BDX</subfield>
    <subfield code="d">OCLCQ</subfield>
    <subfield code="d">APL</subfield>
    <subfield code="d">OCLCO</subfield>
    <subfield code="d">FXM</subfield>
    <subfield code="d">VP@</subfield>
    <subfield code="d">UOK</subfield>
    <subfield code="d">OCLCQ</subfield>
    <subfield code="d">OCLCF</subfield>
    <subfield code="d">NAM</subfield>
    <subfield code="d">IAD</subfield>
    <subfield code="d">OCLCQ</subfield>
    <subfield code="d">TWS</subfield>
    <subfield code="d">OMB</subfield>
    <subfield code="d">DLC</subfield>
    <subfield code="d">EG-ScBUE</subfield>
  </datafield>
  <datafield tag="041" ind1="1" ind2=" ">
    <subfield code="a">eng</subfield>
    <subfield code="h">dut</subfield>
    <subfield code="h">fre</subfield>
  </datafield>
  <datafield tag="043" ind1=" " ind2=" ">
    <subfield code="a">e-ne---</subfield>
  </datafield>
  <datafield tag="082" ind1="0" ind2="4">
    <subfield code="a">759.9492</subfield>
    <subfield code="b">GOG</subfield>
    <subfield code="2">22</subfield>
  </datafield>
  <datafield tag="100" ind1="1" ind2=" ">
    <subfield code="a">Gogh, Vincent van,</subfield>
    <subfield code="d">1853-1890,</subfield>
    <subfield code="e">author.</subfield>
  </datafield>
  <datafield tag="240" ind1="1" ind2="0">
    <subfield code="a">Correspondence.</subfield>
    <subfield code="k">Selections.</subfield>
    <subfield code="l">English</subfield>
  </datafield>
  <datafield tag="245" ind1="1" ind2="0">
    <subfield code="a">Vincent van Gogh :</subfield>
    <subfield code="b">ever yours : the essential letters /</subfield>
    <subfield code="c">edited by Leo Jansen, Hans Luijten, and Nienke Bakker.</subfield>
  </datafield>
  <datafield tag="246" ind1="3" ind2="0">
    <subfield code="a">Ever yours :</subfield>
    <subfield code="b">the essential letters</subfield>
  </datafield>
  <datafield tag="264" ind1=" " ind2="1">
    <subfield code="a">New Haven ;</subfield>
    <subfield code="a">London :</subfield>
    <subfield code="b">Yale University Press,</subfield>
    <subfield code="c">2014.</subfield>
  </datafield>
  <datafield tag="300" ind1=" " ind2=" ">
    <subfield code="a">777 pages :</subfield>
    <subfield code="b">illustrations (some color), facsimiles ;</subfield>
    <subfield code="c">27 cm</subfield>
  </datafield>
  <datafield tag="336" ind1=" " ind2=" ">
    <subfield code="a">text</subfield>
    <subfield code="b">txt</subfield>
    <subfield code="2">rdacontent</subfield>
  </datafield>
  <datafield tag="337" ind1=" " ind2=" ">
    <subfield code="a">unmediated</subfield>
    <subfield code="b">n</subfield>
    <subfield code="2">rdamedia</subfield>
  </datafield>
  <datafield tag="338" ind1=" " ind2=" ">
    <subfield code="a">volume</subfield>
    <subfield code="b">nc</subfield>
    <subfield code="2">rdacarrier</subfield>
  </datafield>
  <datafield tag="500" ind1=" " ind2=" ">
    <subfield code="a">"An abridged edition of the complete six-volume publication, Vincent van Gogh, the letters: the complete illustrated and annotated edition, 2009"--Title page verso.</subfield>
  </datafield>
  <datafield tag="504" ind1=" " ind2=" ">
    <subfield code="a">Includes bibliographical references and index.</subfield>
  </datafield>
  <datafield tag="505" ind1="0" ind2=" ">
    <subfield code="a">Setbacks and perseverance: an artist's life / Leo Jansen, Hans Luijten, and Nienke Bakker -- Letters with a history -- Note to the reader -- The Hague, 29 September 1872-17 March 1873 -- London, 13 June 1873-8 May 1875 -- Paris, 6 July 1875-28 March 1876 -- Ramsgate, Welwyn, and Isleworth, 17 April-25 November 1876 -- Dordrecht, 7 February-23 March 1877 -- Amsterdam, 30 May 1877-3 April 1878 -- Borinage and Brussels, c. 13 November 1878-2 April 1881 -- Etten, 5 August-c. 23 December 1881 -- The Hague, 29 December 1881-10 September 1883 -- Drenthe, c. 14 September-1 December 1883 -- Nuenen, c. 7 December 1883-c. 14 November 1885 -- Antwerp, 28 November 1885-c. 11 February 1886 -- Paris, c. 28 February 1886-late October 1887 -- Arles, 21 February 1888-3 May 1889 -- Saint-Remy-de Provence, 9 May 1889-13 May 1890 -- Auvers-sur-Oise, 20 May-23 July 1890.</subfield>
  </datafield>
  <datafield tag="520" ind1=" " ind2=" ">
    <subfield code="a">In addition to his many remarkable paintings and drawings, Vincent van Gogh (1853-1890) left behind a fascinating and voluminous body of correspondence. This highly accessible book includes a broad selection of 265 letters, from a total of 820 in existence, that focus on Van Gogh's relentless quest to find his destiny, a search that led him to become an artist; the close bond with his brother Theo; his fraught relationship with his father; his innate yearning for recognition; and his great love of art and literature. The correspondence not only offers detailed insights into Van Gogh's complex inner life, but also re-creates the world in which he lived and the artistic avant-garde that was taking hold in Paris. The letters are accompanied by a general introduction, historic family photographs, and reproductions of 100 actual letters that contain sketches by Van Gogh. In sum, this book is the essential book on Van Gogh's letters, which every art and literature lover needs to own.--</subfield>
    <subfield code="c">Source other than Library of Congress.</subfield>
  </datafield>
  <datafield tag="546" ind1=" " ind2=" ">
    <subfield code="a">Collection of letters translated from original Dutch and French, and letters in English original.</subfield>
  </datafield>
  <datafield tag="600" ind1="1" ind2="7">
    <subfield code="a">Gogh, Vincent van,</subfield>
    <subfield code="d">1853-1890</subfield>
    <subfield code="v">Correspondence.</subfield>
    <subfield code="2">BUEsh</subfield>
  </datafield>
  <datafield tag="650" ind1=" " ind2="7">
    <subfield code="a">Artists</subfield>
    <subfield code="z">Netherlands</subfield>
    <subfield code="v">Correspondence.</subfield>
    <subfield code="2">BUEsh</subfield>
  </datafield>
  <datafield tag="653" ind1=" " ind2=" ">
    <subfield code="b">HHUUEENN</subfield>
    <subfield code="b">GGEN</subfield>
    <subfield code="c">October2019</subfield>
  </datafield>
  <datafield tag="655" ind1=" " ind2="7">
    <subfield code="a">Records and correspondence.</subfield>
    <subfield code="2">fast</subfield>
    <subfield code="0">(OCoLC)fst01423917</subfield>
  </datafield>
  <datafield tag="700" ind1="1" ind2=" ">
    <subfield code="a">Jansen, Leo,</subfield>
    <subfield code="d">1960-</subfield>
    <subfield code="e">editor.</subfield>
  </datafield>
  <datafield tag="700" ind1="1" ind2=" ">
    <subfield code="a">Luijten, Hans,</subfield>
    <subfield code="e">editor.</subfield>
  </datafield>
  <datafield tag="700" ind1="1" ind2=" ">
    <subfield code="a">Bakker, Nienke,</subfield>
    <subfield code="d">1972-</subfield>
    <subfield code="e">editor.</subfield>
  </datafield>
  <datafield tag="856" ind1="4" ind2="2">
    <subfield code="3">Contributor biographical information</subfield>
    <subfield code="u">http://www.loc.gov/catdir/enhancements/fy1603/2014939683-b.html</subfield>
  </datafield>
  <datafield tag="856" ind1="4" ind2="2">
    <subfield code="3">Publisher description</subfield>
    <subfield code="u">http://www.loc.gov/catdir/enhancements/fy1603/2014939683-d.html</subfield>
  </datafield>
  <datafield tag="942" ind1=" " ind2=" ">
    <subfield code="2">ddc</subfield>
    <subfield code="c">BB</subfield>
  </datafield>
  <datafield tag="952" ind1=" " ind2=" ">
    <subfield code="0">0</subfield>
    <subfield code="1">0</subfield>
    <subfield code="2">ddc</subfield>
    <subfield code="4">0</subfield>
    <subfield code="7">0</subfield>
    <subfield code="8">Baccah</subfield>
    <subfield code="a">MAIN</subfield>
    <subfield code="b">MAIN</subfield>
    <subfield code="c">2ND</subfield>
    <subfield code="d">2019-10-30</subfield>
    <subfield code="e">Purchase</subfield>
    <subfield code="g">650.00</subfield>
    <subfield code="l">2</subfield>
    <subfield code="m">12</subfield>
    <subfield code="o">759.9492 GOG</subfield>
    <subfield code="p">000048179</subfield>
    <subfield code="r">2025-07-15 00:00:00</subfield>
    <subfield code="s">2022-11-24</subfield>
    <subfield code="v">812.50</subfield>
    <subfield code="w">2019-10-30</subfield>
    <subfield code="y">BB</subfield>
  </datafield>
</record>
